[Event "CRO-chT3 West"]
[Site "Croatia"]
[Date "2020.09.13"]
[Round "2.1"]
[White "Vukovic, Nikola"]
[Black "Ikica, Ante"]
[Result "1-0"]
[WhiteElo "2143"]
[BlackElo "1823"]
[PlyCount "75"]
[EventDate "2020.09.12"]
[EventType "team-tourn"]
[EventRounds "9"]
[EventCountry "CRO"]
[SourceTitle "EXT 2022"]
[Source "ChessBase"]
[SourceDate "2021.10.06"]
[SourceVersion "1"]
[SourceVersionDate "2021.10.06"]
[SourceQuality "1"]
[WhiteTeam "Pula II"]
[BlackTeam "Porec Gortan II"]
[WhiteTeamCountry "CRO"]
[BlackTeamCountry "CRO"]

1. d4 d6 2. e4 Nd7 3. Nc3 e5 4. Be3 c6 5. a4 Ngf6 6. g3 Be7 7. Bg2 0-0 8. h3 Re8 9. Nge2 Qc7 10. 0-0 b6 11. f4 Bb7 12. g4 Rf8 13. Ng3 Ne8 14. Nf5 Bd8 15. fxe5 dxe5 16. d5 Nc5 17. b4 Na6 18. dxc6 Bxc6 19. b5 Bb7 20. bxa6 Bxa6 21. Nd5 Qc4 22. Rf2 Kh8 23. Bf1 Qc8 24. Bxa6 Qxa6 25. Qd3 Qb7 26. g5 Nc7 27. Nd6 Qc6 28. Nxf7+ Kg8 29. Nxe5 Qe6 30. Nxc7 Bxc7 31. Qc4 Rae8 32. Rxf8+ Kxf8 33. Rf1+ Kg8 34. Qxc7 Rc8 35. Qf7+ Qxf7 36. Rxf7 Re8 37. Rxa7 Rxe5 38. Rxg7+ 1-0

[Event "Pula op 33rd"]
[Site "Pula"]
[Date "2019.06.22"]
[Round "1"]
[White "Saric, Ante"]
[Black "Ikica, Ante"]
[Result "1-0"]
[WhiteElo "2542"]
[BlackElo "1911"]
[PlyCount "35"]
[EventDate "2019.06.22"]
[EventType "swiss"]
[EventRounds "9"]
[EventCountry "CRO"]
[SourceTitle "CBM 191 Extra"]
[Source "ChessBase"]
[SourceDate "2019.09.30"]
[SourceVersion "1"]
[SourceVersionDate "2019.09.30"]
[SourceQuality "1"]

1. d4 Nf6 2. Nf3 g6 3. c4 c5 4. Nc3 cxd4 5. Nxd4 Nc6 6. e4 d6 7. Be2 Bg7 8. Be3 Bd7 9. 0-0 0-0 10. h3 a6 11. Qd2 Nxd4 12. Bxd4 Bc6 13. Bd3 b5 14. Rfe1 e5 15. Be3 bxc4 16. Bxc4 Nxe4 17. Nxe4 Bxe4 18. Bg5 1-0

[Event "CRO-chT2 West"]
[Site "Croatia"]
[Date "2017.04.09"]
[Round "5.4"]
[White "Baljak, Jadranko"]
[Black "Ikica, Ante"]
[Result "0-1"]
[WhiteElo "1819"]
[BlackElo "1905"]
[PlyCount "74"]
[EventDate "2017.03.25"]
[EventType "team-tourn"]
[EventRounds "9"]
[EventCountry "CRO"]
[SourceTitle "EXT 2020"]
[Source "ChessBase"]
[SourceDate "2019.10.17"]
[SourceVersion "1"]
[SourceVersionDate "2019.10.17"]
[SourceQuality "1"]

1. c4 Nf6 2. g3 g6 3. Nc3 Bg7 4. e4 d6 5. Bg2 c5 6. Nf3 Nc6 7. 0-0 0-0 8. d3 Rb8 9. h3 a6 10. a4 Bd7 11. Be3 e5 12. Qd2 Nd4 13. Bxd4 cxd4 14. Nd5 b5 15. axb5 axb5 16. b3 Be6 17. Ra7 Nd7 18. Rfa1 Bxd5 19. cxd5 Nc5 20. Qd1 h6 21. Ne1 f5 22. f3 Qg5 23. Kh2 h5 24. Rc7 Rf7 25. Rxf7 Kxf7 26. Qc2 b4 27. Qa2 h4 28. Qa7+ Rb7 29. Qa8 hxg3+ 30. Kh1 Qe7 31. Qa2 Bh6 32. Bf1 Kg7 33. Kg2 Be3 34. Qc2 Qg5 35. Ra2 Bf2 36. Ra1 Qe3 37. Be2 Bxe1 0-1

[Event "Bosnjaci op 22nd"]
[Site "Bosnjaci"]
[Date "2017.01.07"]
[Round "7"]
[White "Ikica, Ante"]
[Black "Cvitan, Ena"]
[Result "0-1"]
[WhiteElo "1958"]
[BlackElo "2139"]
[PlyCount "118"]
[EventDate "2017.01.03"]
[EventType "swiss"]
[EventRounds "9"]
[EventCountry "CRO"]
[SourceTitle "CBM 176 Extra"]
[Source "ChessBase"]
[SourceDate "2017.03.02"]
[SourceVersion "1"]
[SourceVersionDate "2017.03.02"]
[SourceQuality "1"]

1. Nf3 d5 2. c4 e6 3. g3 Nf6 4. Bg2 Be7 5. 0-0 0-0 6. a3 dxc4 7. Qc2 a6 8. Ne5 c5 9. Qxc4 b5 10. Qc2 Ra7 11. d3 Bb7 12. Nf3 Bxf3 13. Bxf3 Nbd7 14. Bg2 Rc7 15. b3 Nd5 16. e4 N5b6 17. Bf4 e5 18. Be3 Nf6 19. Nd2 Ng4 20. Rfd1 Nxe3 21. fxe3 Qd6 22. Rac1 Qh6 23. Nf1 Bg5 24. Qe2 Rfc8 25. h4 Be7 26. Bh3 Rd8 27. Nh2 Qg6 28. Kf2 Rb7 29. Nf3 Qd6 30. Kg2 Qb8 31. Kh2 Re8 32. Qb2 Bf8 33. Kg2 c4 34. Bg4 cxb3 35. Qxb3 Qd6 36. Qc3 Na4 37. Qc6 Qxc6 38. Rxc6 Bxa3 39. Rxa6 Bf8 40. d4 Nc3 41. Rd3 exd4 42. exd4 Nxe4 43. Ne5 Nd6 44. Bd1 Nc4 45. Nxc4 bxc4 46. Rc3 Rb2+ 47. Kh3 g6 48. h5 g5 49. Ra5 h6 50. Ra4 f5 51. g4 Bd6 52. gxf5 Rh2+ 53. Kg4 Re4+ 54. Kf3 Rf4+ 55. Ke3 Rh3+ 56. Kd2 Rxd4+ 57. Kc2 Rh2+ 58. Kc1 Bf4+ 59. Kb1 Rxd1+ 0-1

[Event "Pula op 30th"]
[Site "Pula"]
[Date "2016.09.14"]
[Round "6"]
[White "Kozak, Antoni"]
[Black "Ikica, Ante"]
[Result "1-0"]
[WhiteElo "2105"]
[BlackElo "1951"]
[PlyCount "73"]
[EventDate "2016.09.10"]
[EventType "swiss"]
[EventRounds "9"]
[EventCountry "CRO"]
[SourceTitle "CBM 174 Extra"]
[Source "ChessBase"]
[SourceDate "2016.10.10"]
[SourceVersion "1"]
[SourceVersionDate "2016.10.10"]
[SourceQuality "1"]

1. e4 d6 2. d4 g6 3. Nc3 Bg7 4. Be3 c6 5. Qd2 b5 6. f3 a6 7. 0-0-0 Qc7 8. Kb1 Nd7 9. g4 Bb7 10. h4 h5 11. g5 e6 12. f4 Ne7 13. Bg2 Nb6 14. Qf2 b4 15. Nce2 Nc4 16. Bc1 d5 17. Ng3 c5 18. dxc5 Rc8 19. f5 exf5 20. exf5 Be5 21. N1e2 Qxc5 22. Qxc5 Rxc5 23. Nf4 0-0 24. Nd3 Rfc8 25. Nxc5 Rxc5 26. f6 Nc8 27. Ne2 a5 28. Rhe1 Kh7 29. Nf4 N8b6 30. Nd3 Bd4 31. Nxc5 Bxc5 32. b3 Na3+ 33. Bxa3 bxa3 34. Re7 Bxe7 35. fxe7 Bc6 36. Bxd5 Nxd5 37. Rxd5 1-0

[Event "Hum na Sutli op 10th"]
[Site "Hum na Sutli"]
[Date "2016.09.03"]
[Round "9"]
[White "Ikica, Ante"]
[Black "Suta, Andraz"]
[Result "0-1"]
[WhiteElo "1951"]
[BlackElo "2093"]
[PlyCount "81"]
[EventDate "2016.08.26"]
[EventType "swiss"]
[EventRounds "9"]
[EventCountry "CRO"]
[SourceTitle "CBM 174 Extra"]
[Source "ChessBase"]
[SourceDate "2016.10.10"]
[SourceVersion "1"]
[SourceVersionDate "2016.10.10"]
[SourceQuality "1"]

1. e4 c5 2. Nf3 e6 3. d4 cxd4 4. Nxd4 a6 5. Be2 Nf6 6. Nd2 Qc7 7. 0-0 b6 8. Kh1 Bb7 9. Bd3 d6 10. f4 Nbd7 11. N2b3 Be7 12. Qe2 0-0 13. c3 Rfe8 14. Nf3 e5 15. Bd2 Bf8 16. fxe5 Nxe5 17. Nxe5 dxe5 18. Bg5 Be7 19. Rad1 Red8 20. Bxf6 Bxf6 21. Bc4 Rxd1 22. Rxd1 Rd8 23. Bd5 b5 24. Na1 Bxd5 25. exd5 Be7 26. Nc2 f5 27. g4 e4 28. gxf5 Qe5 29. Rd4 Bc5 30. Qxe4 Bxd4 31. Qxd4 Qxd4 32. Nxd4 Rxd5 33. Kg2 b4 34. Kf3 bxc3 35. bxc3 Rc5 36. Ne2 Rxf5+ 37. Ke4 Rf2 38. Ke3 Rxh2 39. c4 Kf7 40. a4 Rxe2+ 41. Kxe2 0-1

[Event "Zagreb Hulak Memorial op 1st"]
[Site "Zagreb"]
[Date "2016.06.10"]
[Round "1"]
[White "Stanojoski, Zvonko"]
[Black "Ikica, Ante"]
[Result "1-0"]
[WhiteElo "2436"]
[BlackElo "1962"]
[PlyCount "71"]
[EventDate "2016.06.10"]
[EventType "swiss"]
[EventRounds "9"]
[EventCountry "CRO"]
[SourceTitle "CBM 173 Extra"]
[Source "ChessBase"]
[SourceDate "2016.08.29"]
[SourceVersion "1"]
[SourceVersionDate "2016.08.29"]
[SourceQuality "1"]

1. c4 Nf6 2. Nf3 g6 3. g3 Bg7 4. Bg2 d6 5. Nc3 c6 6. 0-0 0-0 7. d3 Na6 8. Rb1 Nc7 9. b4 d5 10. b5 Nh5 11. bxc6 bxc6 12. Qc2 e5 13. Nd2 Be6 14. Na4 f5 15. Nc5 Bf7 16. Qa4 Be8 17. Nb7 Qf6 18. Ba3 e4 19. Bxf8 Bxf8 20. Qa5 Qe7 21. cxd5 cxd5 22. Rfc1 Ne6 23. Qxd5 Bf7 24. Qe5 Bg7 25. Qd6 Qg5 26. e3 Nd4 27. exd4 Qxd2 28. Rd1 Qxa2 29. dxe4 fxe4 30. Nc5 Re8 31. Rb8 Nf6 32. Nxe4 Nxe4 33. Rxe8+ Bxe8 34. Bxe4 Bf7 35. Rb1 h6 36. Bxg6 1-0

[Event "CRO-chT2W"]
[Site "Croatia"]
[Date "2016.03.06"]
[Round "2.5"]
[White "Ikica, Ante"]
[Black "Krsovnik, Emil"]
[Result "0-1"]
[WhiteElo "1946"]
[BlackElo "2073"]
[PlyCount "134"]
[EventDate "2016.03.05"]
[EventType "team-tourn"]
[EventRounds "9"]
[EventCountry "CRO"]
[SourceTitle "CBM 171 Extra"]
[Source "ChessBase"]
[SourceDate "2016.04.26"]
[SourceVersion "1"]
[SourceVersionDate "2016.04.26"]
[SourceQuality "1"]
[WhiteTeam "Porec Gortan"]
[BlackTeam "Rijeka Kvarner"]
[WhiteTeamCountry "CRO"]
[BlackTeamCountry "CRO"]

1. e4 e5 2. Nf3 Nc6 3. d4 exd4 4. Nxd4 Bb4+ 5. c3 Bc5 6. Bc4 Qf6 7. Be3 a6 8. a4 Ne5 9. Be2 d6 10. Nd2 Qe7 11. 0-0 Nf6 12. h3 Ng6 13. Qc2 d5 14. N2b3 Nxe4 15. Nxc5 Nxc5 16. Nf5 Bxf5 17. Qxf5 c6 18. b4 Qe4 19. Bg4 Qxf5 20. Bxf5 Ne6 21. g3 Ne5 22. Kg2 Nc4 23. Bd4 Nxd4 24. cxd4 0-0 25. Bd3 Rfe8 26. Rfc1 Nd6 27. Rc2 g6 28. Rb1 Re7 29. Rb3 Kg7 30. b5 axb5 31. axb5 Ra4 32. bxc6 bxc6 33. Rxc6 Ne8 34. Rc8 Rxd4 35. Rd8 Nf6 36. g4 h6 37. Ba6 Rd2 38. Rb7 Rxb7 39. Bxb7 Ne4 40. Rxd5 Rxf2+ 41. Kg1 Rb2 42. Ba6 Ng5 43. Rd3 Ne6 44. Ra3 Nf4 45. Bf1 Kf6 46. Ra5 Rb3 47. Kh2 Rf3 48. Ra1 Kg5 49. Bg2 Rf2 50. Rg1 Kh4 51. Kh1 Nxh3 52. Rf1 Rxf1+ 53. Bxf1 Kxg4 54. Kh2 Nf4 55. Bc4 f5 56. Bf1 g5 57. Bb5 h5 58. Bd7 h4 59. Bc6 Ng6 60. Ba8 Kf4 61. Bd5 g4 62. Bg2 Ne5 63. Bf1 Kf3 64. Ba6 Kf2 65. Bc8 g3+ 66. Kh3 Nf3 67. Bxf5 g2 0-1

[Event "Bosnjaci op 21st"]
[Site "Bosnjaci"]
[Date "2016.01.04"]
[Round "2"]
[White "Pavic, Filip"]
[Black "Ikica, Ante"]
[Result "1-0"]
[WhiteElo "2248"]
[BlackElo "1949"]
[PlyCount "85"]
[EventDate "2016.01.03"]
[EventType "swiss"]
[EventRounds "9"]
[EventCountry "CRO"]
[SourceTitle "CBM 170 Extra"]
[Source "ChessBase"]
[SourceDate "2016.02.25"]
[SourceVersion "1"]
[SourceVersionDate "2016.02.25"]
[SourceQuality "1"]

1. e4 c6 2. d4 d5 3. exd5 cxd5 4. c4 Nf6 5. Nc3 Nc6 6. Nf3 g6 7. cxd5 Nxd5 8. Qb3 Nb6 9. d5 Nb8 10. Be3 Bg7 11. Rd1 N8d7 12. Be2 0-0 13. 0-0 Nf6 14. h3 Nbd7 15. Nd4 a6 16. Ne6 Qa5 17. Nxf8 Bxf8 18. Qa4 Qd8 19. Ne4 b5 20. Nxf6+ Nxf6 21. Bxb5 Bxh3 22. Bc6 Bd7 23. Rc1 Rb8 24. Bxd7 Nxd7 25. Qxa6 Nf6 26. d6 exd6 27. Bg5 h6 28. Bxf6 Qxf6 29. b3 Qf5 30. Rfd1 Rd8 31. Qd3 Qa5 32. Qd5 Qa7 33. a4 h5 34. a5 Re8 35. Re1 Rb8 36. Re4 Qd7 37. a6 Rb5 38. Qc6 Qf5 39. a7 Rxb3 40. a8Q Rb2 41. Qxf8+ Kxf8 42. Re8+ Kg7 43. Qc3+ 1-0

[Event "Porec Istar Cup"]
[Site "Porec"]
[Date "2015.12.05"]
[Round "2"]
[White "Ciganovic, Nikola"]
[Black "Ikica, Ante"]
[Result "1-0"]
[WhiteElo "2189"]
[BlackElo "1981"]
[PlyCount "65"]
[EventDate "2015.12.04"]
[EventType "swiss"]
[EventRounds "7"]
[EventCountry "CRO"]
[SourceTitle "EXT 2017"]
[Source "ChessBase"]
[SourceDate "2016.10.25"]
[SourceVersion "1"]
[SourceVersionDate "2016.10.25"]
[SourceQuality "1"]

1. e4 d6 2. d4 c6 3. a4 g6 4. Nc3 Bg7 5. f4 Nf6 6. Nf3 d5 7. e5 Ng4 8. Bd3 b6 9. Ne2 h5 10. f5 gxf5 11. h3 Nh6 12. Nf4 e6 13. Nxh5 Bf8 14. Nf6+ Ke7 15. Bg5 Nd7 16. Nxd7+ Kxd7 17. Bxd8 Kxd8 18. Qd2 Be7 19. 0-0-0 a5 20. g4 Kc7 21. g5 Ng8 22. h4 Bf8 23. h5 Bd7 24. Kb1 Ne7 25. Ne1 c5 26. Bb5 Nc6 27. c3 cxd4 28. cxd4 Kb7 29. Rc1 Bb4 30. Qd3 Be7 31. Bxc6+ Bxc6 32. Rxc6 Kxc6 33. Qb5+ 1-0

[Event "Hum na Sutli op 9th"]
[Site "Hum na Sutli"]
[Date "2015.08.30"]
[Round "3"]
[White "Ikica, Ante"]
[Black "Bozinovic, Bogdan"]
[Result "1-0"]
[WhiteElo "1944"]
[BlackElo "2223"]
[PlyCount "73"]
[EventDate "2015.08.28"]
[EventType "swiss"]
[EventRounds "9"]
[EventCountry "CRO"]
[SourceTitle "EXT 2016"]
[Source "ChessBase"]
[SourceDate "2015.10.08"]
[SourceVersion "1"]
[SourceVersionDate "2015.10.08"]
[SourceQuality "1"]

1. e4 c5 2. Nf3 Nc6 3. d4 cxd4 4. Nxd4 Nf6 5. Nc3 d6 6. Be2 e6 7. g4 d5 8. g5 Nxe4 9. Nxe4 dxe4 10. Be3 Bd7 11. Nb5 Qb8 12. Qd2 Bb4 13. c3 Be7 14. 0-0-0 Bc8 15. Nd6+ Bxd6 16. Qxd6 Qxd6 17. Rxd6 Bd7 18. b4 0-0-0 19. b5 Ne7 20. Rd4 Nf5 21. Rc4+ Kb8 22. Bf4+ Ka8 23. Rxe4 f6 24. Rb4 e5 25. Bd2 Be6 26. a4 Nd6 27. f4 Bd5 28. Rd1 Ne4 29. Be1 Nc5 30. Kb2 exf4 31. gxf6 f3 32. Bf1 Ne6 33. fxg7 Rhg8 34. Bh4 Rd7 35. c4 a5 36. bxa6 Bc6 37. Rxd7 1-0

[Event "Bosnjaci op 20th"]
[Site "Bosnjaci"]
[Date "2015.01.06"]
[Round "6"]
[White "Ikica, Ante"]
[Black "Golubicic, Mato"]
[Result "1-0"]
[WhiteElo "1977"]
[BlackElo "1704"]
[PlyCount "81"]
[EventDate "2015.01.03"]
[EventType "swiss"]
[EventRounds "9"]
[EventCountry "CRO"]
[SourceTitle "CBM 164 Extra"]
[Source "ChessBase"]
[SourceDate "2015.03.02"]
[SourceVersion "1"]
[SourceVersionDate "2015.03.02"]
[SourceQuality "1"]

1. e4 e6 2. Qe2 Ne7 3. c3 d5 4. d3 h6 5. Nd2 Nbc6 6. g3 b6 7. f4 Bb7 8. Ngf3 Qd7 9. Bg2 0-0-0 10. 0-0 f6 11. Bh3 Kb8 12. d4 f5 13. e5 Ng6 14. b4 Be7 15. Nb3 Qc8 16. Re1 Rdg8 17. Bg2 Nf8 18. h4 Nh7 19. Be3 g5 20. hxg5 hxg5 21. Kf2 gxf4 22. Bxf4 Ng5 23. Nxg5 Bxg5 24. Rh1 Bxf4 25. gxf4 Rg4 26. Ke3 Qg8 27. Bf3 Rg3 28. Qf2 Rhh3 29. Nd2 Ba6 30. Rxh3 Rxh3 31. Rg1 Qh8 32. a4 Bb7 33. Qg2 Rh2 34. Qg6 Qh4 35. Qg3 Qh6 36. Qg8+ Bc8 37. Qg5 Qh4 38. Qxh4 Rxh4 39. Nf1 Rh3 40. Kf2 Ba6 41. b5 1-0

[Event "CRO-chT2 West"]
[Site "Croatia"]
[Date "2014.11.16"]
[Round "9.46"]
[White "Radikovic, Anamarija"]
[Black "Ikica, Ante"]
[Result "0-1"]
[WhiteElo "1420"]
[BlackElo "1977"]
[PlyCount "70"]
[EventDate "2014.03.15"]
[EventType "team-tourn"]
[EventRounds "9"]
[EventCountry "CRO"]
[SourceTitle "EXT 2019"]
[Source "ChessBase"]
[SourceDate "2018.10.10"]
[SourceVersion "1"]
[SourceVersionDate "2018.10.10"]
[SourceQuality "1"]
[WhiteTeam "Rijeka CC II"]
[BlackTeam "Porec Gortan"]
[WhiteTeamCountry "CRO"]
[BlackTeamCountry "CRO"]

1. d4 g6 2. e4 c5 3. Bc4 Bg7 4. Nf3 Nf6 5. e5 Ne4 6. Qe2 d5 7. Bxd5 Qxd5 8. c4 Qc6 9. d5 Qc7 10. Qxe4 0-0 11. 0-0 Na6 12. Nc3 Bf5 13. Qe2 Nb4 14. Nb5 Qb6 15. Ne1 Bd7 16. a3 Nxd5 17. a4 Nb4 18. a5 Qc6 19. Bf4 Be6 20. b3 a6 21. Nc3 Rad8 22. Nf3 Bf5 23. Rfd1 h6 24. Rxd8 Rxd8 25. Rd1 Rxd1+ 26. Qxd1 e6 27. Qd8+ Kh7 28. Qe7 Nd3 29. Bg3 Nc1 30. Qd6 Nxb3 31. Qxc6 bxc6 32. Na4 Bd3 33. Nb2 Be2 34. Ne1 Nxa5 35. Na4 Bf8 0-1

[Event "Bosnjaci op 19th"]
[Site "Bosnjaci"]
[Date "2014.01.03"]
[Round "1"]
[White "Blagojevic, Dragisa"]
[Black "Ikica, Ante"]
[Result "1-0"]
[WhiteElo "2516"]
[BlackElo "1972"]
[PlyCount "51"]
[EventDate "2014.01.03"]
[EventType "swiss"]
[EventRounds "9"]
[EventCountry "CRO"]
[SourceTitle "CBM 158 Extra"]
[Source "ChessBase"]
[SourceDate "2014.02.28"]
[SourceVersion "1"]
[SourceVersionDate "2014.02.28"]
[SourceQuality "1"]

1. d4 e6 2. c4 Nf6 3. Nf3 Bb4+ 4. Bd2 Be7 5. g3 b6 6. Bg2 Bb7 7. Nc3 0-0 8. 0-0 d6 9. Qc2 Nbd7 10. e4 e5 11. h3 Re8 12. Be3 Bf8 13. d5 g6 14. b4 Bg7 15. Nd2 Nh5 16. Rfc1 Rf8 17. c5 bxc5 18. bxc5 Bc8 19. cxd6 cxd6 20. Qd1 Nb6 21. Nb5 Nf6 22. Rab1 Ne8 23. Nxa7 Rxa7 24. Bxb6 Rc7 25. Rxc7 Nxc7 26. Qc2 1-0

[Event "Zagreb City-ch"]
[Site "Zagreb"]
[Date "2013.11.11"]
[Round "7"]
[White "Kalajzic, Ivan"]
[Black "Ikica, Ante"]
[Result "1-0"]
[WhiteElo "2197"]
[BlackElo "1980"]
[PlyCount "75"]
[EventDate "2013.11.04"]
[EventType "swiss"]
[EventRounds "9"]
[EventCountry "CRO"]
[SourceTitle "EXT 2015"]
[Source "ChessBase"]
[SourceDate "2014.11.20"]
[SourceVersion "1"]
[SourceVersionDate "2014.11.20"]
[SourceQuality "1"]

1. b3 Nf6 2. Bb2 g6 3. Bxf6 exf6 4. c4 Bg7 5. Nc3 d6 6. g3 f5 7. Bg2 c6 8. e3 0-0 9. Nge2 Nd7 10. 0-0 Nf6 11. d4 Re8 12. Qd3 Qe7 13. b4 Bd7 14. b5 Ne4 15. a4 Be6 16. bxc6 bxc6 17. Nxe4 fxe4 18. Qxe4 Bxc4 19. Qxe7 Rxe7 20. Bxc6 Rc8 21. Bb5 Bxe2 22. Bxe2 Rc2 23. Bf3 Rec7 24. a5 Bf8 25. a6 Be7 26. Rfb1 Kg7 27. Rb7 Bd8 28. Kg2 Rd2 29. Rxc7 Bxc7 30. Rb1 Ra2 31. Rb7 Bb6 32. Bd5 Rxa6 33. Rxf7+ Kh6 34. h4 Ra5 35. Be6 Ra1 36. g4 g5 37. Bf5 gxh4 38. f4 1-0

[Event "Zagreb City-ch"]
[Site "Zagreb"]
[Date "2013.11.07"]
[Round "3"]
[White "Muha, Miljenko"]
[Black "Ikica, Ante"]
[Result "0-1"]
[WhiteElo "1904"]
[BlackElo "1980"]
[PlyCount "132"]
[EventDate "2013.11.04"]
[EventType "swiss"]
[EventRounds "9"]
[EventCountry "CRO"]
[SourceTitle "EXT 2015"]
[Source "ChessBase"]
[SourceDate "2014.11.20"]
[SourceVersion "1"]
[SourceVersionDate "2014.11.20"]
[SourceQuality "1"]

1. d4 Nf6 2. c4 c5 3. Nf3 g6 4. Nc3 Bg7 5. e4 0-0 6. Be2 d6 7. 0-0 Nc6 8. d5 Nb4 9. h3 Bd7 10. Bf4 Na6 11. Qd2 Nc7 12. Bh2 b6 13. Rfe1 a6 14. a4 Rb8 15. e5 Nfe8 16. Bd3 b5 17. axb5 axb5 18. b3 b4 19. Ne4 Bf5 20. Ra7 Bc8 21. Qf4 Rb6 22. Qh4 f6 23. e6 Bb7 24. Bf4 Qb8 25. Ra2 Ra6 26. Rxa6 Nxa6 27. Bh6 Qc7 28. Bxg7 Kxg7 29. Ng3 Qd8 30. Re4 f5 31. Rf4 Nf6 32. Bxf5 gxf5 33. Nxf5+ Kh8 34. Qh6 Rg8 35. Ng5 Rxg5 36. Qxg5 Qf8 37. Nh6 Qg7 38. Nf7+ Kg8 39. Qxg7+ Kxg7 40. Rf3 Nc7 41. Rg3+ Kf8 42. Re3 Ncxd5 43. cxd5 Bxd5 44. Ng5 Bc6 45. h4 Kg7 46. Rg3 Nh5 47. Rg4 Nf6 48. Rf4 Bd5 49. h5 h6 50. Nf3 Bxb3 51. Nd2 Bxe6 52. Rh4 Bf7 53. g4 c4 54. g5 hxg5 55. h6+ Kh7 56. Rh1 g4 57. f3 c3 58. fxg4 cxd2 59. Kf2 Nxg4+ 60. Ke2 Nxh6 61. Kxd2 Kg6 62. Rb1 b3 63. Kc3 Kf6 64. Rf1+ Nf5 65. Kb2 e5 66. Rd1 e4 0-1